00478nam a2200133 a 450000100100000000500170001000800410002704000250006810000300009324500750012326000520019830000370025050000570028700003948820201002031656.0130703s19uu dr ac 000 0 spa d aDO-SdBNPbspacBNPHU1 aNina De la Rosa, Emiliano10aRío arriba :bmemorias de un triunfador /cEmiliano Nina de la Rosa. a[Santo Domingo] :bProyecto Gráfico,c[19-?]. a219 p. :bils., retrs. ;c22 cm. aIncluye datos biográficos del autor en las solapas